Statistics for Tom Waits Filmography

Click here to take the quiz!

General Stats

  • This quiz has been taken 49 times
    (3 since last reset)
  • The average score is 10 of 65

Answer Stats

TypeYearName% Correct
Film1981One from the Heart
100%
Film1992Bram Stoker's Dracula
67%
Film2003Coffee and Cigarettes
67%
Film2018The Ballad of Buster Scruggs
67%
FilmTBAWildwood
67%
Short Documentary2012A Brief History of John Baldessari
33%
Documentary1988Big Time
33%
Film2005Domino
33%
Film1986Down by Law
33%
Film1987Ironweed
33%
Film2021Licorice Pizza
33%
Film1991Queens Logic
33%
Film1983Rumble Fish
33%
Film2012Seven Psychopaths
33%
Film1993Short Cuts
33%
Film2023The Absence of Eden
33%
Film2019The Dead Don't Die
33%
Short Film2011The Monster of Nix
33%
Short Film2018The Moon's Milk
33%
Film1983The Outsiders
33%
TV Show2013The Simpsons
33%
Film2005The Tiger and the Snow
33%
Short Film1979Tom Waits for No One
33%
Film2011Twixt
33%
Film1981Wolfen
33%
Theater1988An Evening with Eugene Ionesco
0%
TV Show1986Arsenal
0%
Film1991At Play in the Fields of the Lord
0%
Film1989Bearskin: An Urban Fairytale
0%
Film1988Candy Mountain
0%
TV Show1979Chorus
0%
Web Series2016Citizen
0%
Short Film1993Coffee and Cigarettes III
0%
Film1989Cold Feet
0%
Theater1989Demon Wine
0%
Theater1986Frank's Wild Years
0%
Short Film1988Greasy Lake
0%
Documentary1997Guy Maddin: Waiting for Twilight
0%
Documentary Series2022My Life as a Rolling Stone
0%
Film1999Mystery Men
0%
Film1989Mystery Train
0%
Film1978Paradise Alley
0%
TV Show1977Rockaplast
0%
Short Film2014Run to the Sea
0%
TV Show1977Saturday Night Live
0%
TV Show1976So It Goes
0%
TV Show1975Soundstage
0%
Short FilmTBAStar.Wav
0%
Film2010The Book of Eli
0%
Film1984The Cotton Club
0%
TV Show1979, 1981The Don Lane Show
0%
Film1991The Fisher King
0%
Film2009The Imaginarium of Doctor Parnassus
0%
Short Film2012The Laughing Heart
0%
TV Show1976The Mike Douglas Show
0%
TV Show1977, 1979, 1985The Old Grey Whistle Test
0%
Film2018The Old Man & the Gun
0%
Film1984The Stone Boy
0%
Film1990The Two Jakes
0%
Short TV Documentary1978Tom Waits: A Day in Vienna
0%
Theater1987Tom Waits in Concert on Broadway
0%
Short Documentary2019Tom Waits: The Acting Years
0%
Documentary2010Tom Waits: Under the Influence
0%
Web Series2021Ultra City Smiths
0%
Film2006Wristcutters: A Love Story
0%

Score Distribution

Percentile by Number Answered

Percent of People with Each Score

Your Score History

You have not taken this quiz since the last reset